Statistiques concernant Petit Bac #17 - Communes Andorrannes

Cliquez ici pour prendre le quiz!

Statistiques générales

  • Ce quiz a été pris 93 fois
  • Le résultat moyen est 3 sur 15

Statistiques - réponses

1ère LettreCommune% Correct
AAndorre-la-Vieille / Arinsal / Aixirivall / Anyós / Arans / Aubinyà / Aixovall / Ansalonga
98%
LLa Massana / Le Pas de la Case / Les Bons / La Cortinada / L'Aldosa de la Massana / L'Aldosa de Canillo / Llorts / Llumeneres
33%
EEscaldes-Engordany / Encamp / El Tarter / Erts / El Serrat / Escàs / El Forn / Els Plans / El Vilar
30%
SSant Julià de Lòria / Santa Coloma d'Andorra / Sispony / Soldeu / Sornàs / Segudet
26%
CCanillo / Certers
20%
OOrdino
18%
MMeritxell
13%
PPal / Prats
11%
VVila
11%
FFontaneda
8%
IIncles
8%
JJuberri
8%
NNagol
8%
BBixessarri
7%
RRansol
7%

Distribution des résultats

Percentile par nombre de réponses

% des personnes avec chaque résultat

Votre développement - résultats

Vous n’avez pas pris ce quiz